00710nam a2200217 a 450000100060000000300090000600800410001502000150005604000280007108200160009910000290011524500160014426000380016030000110019849000470020965000280025665000390028494200120032399900170033595201400035223243CO-ViMGA141112s2004 ck r 000 u spa d a9584209787 aCO-ViMGAbspacCO-ViMGA a863.5 U51t11 aUnamuno, Miguel de9658710aLa Tia Tula aColombia : bEspasa Calpe, c2006 a147 p. aBiblioteca hispanoAméricana del siglo XX14aNovela española 948814aSexualidad femenina - novela96588 2ddccBK c11645d11645 00102ddc40708001aMEVIGACOMbMEVIGACOMd2015-12-04h07/jul/2010l0o863.5 U51t1 p23411r2015-12-04 00:00:00tEj. 1w2015-12-04yBK